000 01226nam a2200301Ia 4500
001 ebr10275714
003 CaPaEBR
006 m u
007 cr cn|||||||||
008 080818s2009 njua sb 001 0 eng d
020 _z0471743399 (pt. A)
020 _z9780471743392 (pt. A)
040 _aCaPaEBR
_cCaPaEBR
035 _a(OCoLC)317483255
050 1 4 _aQD96.I5
_bN33a 2009eb
100 1 _aNakamoto, Kazuo,
_d1922-
245 1 0 _aInfrared and Raman spectra of inorganic and coordination compounds.
_nPart A,
_pTheory and applications in inorganic chemistry
_h[electronic resource] /
_cKazuo Nakamoto.
250 _a6th ed.
260 _aHoboken, N.J. :
_bWiley,
_cc2009.
300 _axi, 419 p. :
_bill.
504 _aIncludes bibliographical references and index.
533 _aElectronic reproduction.
_bPalo Alto, Calif. :
_cebrary,
_d2013.
_nAvailable via World Wide Web.
_nAccess may be limited to ebrary affiliated libraries.
650 0 _aInfrared spectroscopy.
650 0 _aRaman spectroscopy.
655 7 _aElectronic books.
_2local
710 2 _aebrary, Inc.
856 4 0 _uhttp://site.ebrary.com/lib/rucke/Doc?id=10275714
_zAn electronic book accessible through the World Wide Web; click to view
999 _c20845
_d20845